Football Teams Cafú Played For - Statistics

General Stats
  • This quiz has been taken 37 times
  • The average score is 3 of 5
Answer Stats
League Years Team % Correct
Italy 2003-2008 AC Milan
100%
Italy 1997-2003 AS Roma
81%
Brazil 1995-1997 SE Palmeiras
47%
Brazil 1989-1995 São Paulo FC
44%
Spain 1995 Real Zaragoza
19%
No matching quizzes found
Score Distribution
Percent of People with Each Score
Percentile by Number Answered
Your Score History
You have not taken this quiz